Top 10 gier w robloxie - Statystyki

Ogólne statystyki
  • Ten quiz został rozwiązany 1 898 razy
  • Średni wynik to 9 z 16
Statystyki odpowiedzi
Zagadnienie Komórka Select % Poprawnych
wybierz top 10 gier Rudzi z roblox Adopt me Tak
88%
wybierz top 10 gier Rudzi z roblox Murder mystery 2 Tak
88%
wybierz top 10 gier Rudzi z roblox jail break Tak
87%
wybierz top 10 gier Rudzi z roblox Piggy Tak
79%
wybierz top 10 gier Rudzi z roblox Horrific hausing Nie
67%
wybierz top 10 gier Rudzi z roblox Kitty Nie
67%
wybierz top 10 gier Rudzi z roblox Epic minigames Tak
64%
wybierz top 10 gier Rudzi z roblox Royal high Tak
63%
wybierz top 10 gier Rudzi z roblox Treasure simulator Nie
59%
wybierz top 10 gier Rudzi z roblox Restaurant tycoon 2 Tak
56%
wybierz top 10 gier Rudzi z roblox fashion famous Tak
55%
wybierz top 10 gier Rudzi z roblox Robloxian high school 2 Tak
49%
wybierz top 10 gier Rudzi z roblox Theme park tycoon 2 Tak
48%
wybierz top 10 gier Rudzi z roblox Mad city Nie
36%
wybierz top 10 gier Rudzi z roblox Tower of hell Nie
19%
wybierz top 10 gier Rudzi z roblox Pet simulator Nie
16%
Nie znaleziono quizów pasujących do podanych kryteriów
Rozkład punktacji
Procent ludzi z każdym wynikiem
Percentyl według liczby udzielonych odpowiedzi
Twoja historia wyników
Nie rozwiązałeś tego quizu